000 00646nam a22002537a 4500
003 UA-OsUOA
001 27336
007 ta
008 20040624b un ||||| |||| 00| 0 ukr d
100 _aИльина Т.В.
090 _a7.03(470)
_bИ46
942 _cBK
040 _aUA-OsUOA
_brus
_cUA-OsUOA
_dUA-OsUOA
245 _aИстория искусств
_bРусское и советское искусство
300 _a400 с.
955 _a0
041 _arus
080 _a7.03(470)
020 _a5-06-000265-9
260 _aМосква
_bВысшая школа
_c1989
044 _aRU
650 7 _2UDC
999 _c313680
_d313680